Alemania y México (Record no. 3390)

MARC details
000 -CABECERA
campo de control de longitud fija 01171nam a2200265 a 4500
001 - NÚMERO DE CONTROL
campo de control BRCA_3658
005 - FECHA Y HORA DE LA ÚLTIMA TRANSACCIÓN
campo de control 20190320204354.0
008 - DATOS DE LONGITUD FIJA--INFORMACIÓN GENERAL
campo de control de longitud fija 010909s2005----mx-a---###---#000-0#spa-#
020 ## - NÚMERO INTERNACIONAL ESTÁNDAR DEL LIBRO
Número Internacional Estándar del Libro 9688595756
041 ## - CÓDIGO DE LENGUA
Código de lengua del texto/banda sonora o título independiente spa
044 ## - CÓDIGO DEL PAÍS DE LA ENTIDAD EDITORA/PRODUCTORA
Código MARC del país mx
050 #4 - SIGNATURA TOPOGRÁFICA DE LA BIBLIOTECA DEL CONGRESO
Número de clasificación F1219.3
Número de documento/Ítem .A44 2005
245 10 - MENCIÓN DE TÍTULO
Título Alemania y México
Resto del título percepciones mutuas en impresos, siglos XVI-XVIII
Mención de responsabilidad, etc. editores Horst Pietschmann, Manuel Ramos Medina, María Cristina Torales Pacheco ; colaboración de Karl Kohut.
260 ## - PUBLICACIÓN, DISTRIBUCIÓN, ETC.
Lugar de publicación, distribución, etc. México
Nombre del editor, distribuidor, etc. Universidad Iberoamericana : Cátedra Guillermo y Alejandro de Humboldt : Centro de Estudios de Historia de México Condumex
Fecha de publicación, distribución, etc. 2005
300 ## - DESCRIPCIÓN FÍSICA
Extensión 508
Otras características físicas il.
Dimensiones 21 cm.
500 ## - NOTA GENERAL
Nota general incluye índice onomástico y geográfico
500 ## - NOTA GENERAL
Nota general Simposio Alemania y México: percepciones mutuas en impresos, siglos XVI-XVIII (Ciudad de México), 2004
650 14 - PUNTO DE ACCESO ADICIONAL DE MATERIA--TÉRMINO DE MATERIA
Término de materia o nombre geográfico como elemento de entrada Manuscritos mexicanos
Subdivisión de forma Congresos
9 (RLIN) 9482
650 14 - PUNTO DE ACCESO ADICIONAL DE MATERIA--TÉRMINO DE MATERIA
Término de materia o nombre geográfico como elemento de entrada Manuscritos mexicanos
Subdivisión de forma Congresos
Subdivisión cronológica Virreinato, 1535-1821
9 (RLIN) 9483
651 #4 - PUNTO DE ACCESO ADICIONAL DE MATERIA--NOMBRE GEOGRÁFICO
Nombre geográfico México
Subdivisión de forma Congresos
Subdivisión general Historia
9 (RLIN) 9484
700 1# - PUNTO DE ACCESO ADICIONAL--NOMBRE DE PERSONA
Nombre de persona Pietschmann, Horst
9 (RLIN) 9485
700 1# - PUNTO DE ACCESO ADICIONAL--NOMBRE DE PERSONA
Nombre de persona Ramos Medina, Manuel
9 (RLIN) 9486
700 1# - PUNTO DE ACCESO ADICIONAL--NOMBRE DE PERSONA
Nombre de persona Torales Pacheco, María Cristina
9 (RLIN) 9487
942 ## - ELEMENTOS DE PUNTO DE ACCESO ADICIONAL (KOHA)
Fuente del sistema de clasificación o colocación Library of Congress Classification
Tipo de ítem Koha Libros
Holdings
Estado de retiro Estado de pérdida Estado dañado No para préstamo Localización permanente Ubicación/localización actual Fecha de adquisición Total de préstamos Signatura topográfica completa Código de barras Fecha visto por última vez Precio válido a partir de Tipo de ítem Koha
El ejemplar forma parte de la colección y puede ser consultado según las políticas vigentes.       Biblioteca del Museo Franz Mayer (Rogerio Casas-Alatriste) Biblioteca del Museo Franz Mayer (Rogerio Casas-Alatriste) 27/08/2009   F1219.3 .A44 2005 02432 22/03/2019 22/03/2019 Libros